Tiger: The Soul of the Wild/ (Record no. 175667)

MARC details
000 -LEADER
fixed length control field 00689nam a22001937a 4500
005 - DATE AND TIME OF LATEST TRANSACTION
control field 20200914125912.0
010 ## - LCCN (DPL NO)
LC control number ENG-128429
020 ## - INTERNATIONAL STANDARD BOOK NUMBER
Terms of availability 499.00
International Standard Book Number 9789389604726
035 ## - SYSTEM CONTROL NUMBER
System control number EN-111961
037 ## - SOURCE OF ACQUISITION
Source of stock number/acquisition DBAD/PUB
082 ## - DEWEY DECIMAL CLASSIFICATION NUMBER
Classification number 599.756
100 ## - MAIN ENTRY--PERSONAL NAME
Personal name Nasir, Syead Wahabuddin
245 ## - TITLE STATEMENT
Title Tiger: The Soul of the Wild/
Statement of responsibility, etc Authored by Syead Wahabuddin Nasir and co-authored by D K Paul
260 ## - PUBLICATION, DISTRIBUTION, ETC. (IMPRINT)
Place of publication, distribution, etc Chennai
Name of publisher, distributor, etc BUUKS
Date of publication, distribution, etc 2019
270 ## - ADDRESS
Address JVL Plaza, 4th Floor, 501, Anna Salai Teynampet,
City Chennai
Postal code 600 018
Telephone number 044-4992727
Electronic mail address hello@buuks.com
300 ## - PHYSICAL DESCRIPTION
Extent xx;196p.
Dimensions 21cm(pbk)
Other physical details Pictures
500 ## - GENERAL NOTE
General note Includes Glossary, Bibliography and Index
942 ## - ADDED ENTRY ELEMENTS (KOHA)
Source of classification or shelving scheme Dewey Decimal Classification
Item type English Books
Classification part 599.756
Call number suffix NAS
Holdings
Withdrawn status Lost status Not for loan Collection code Home library Current library Date acquired Source of acquisition Cost, normal purchase price Full call number Barcode Cost, replacement price Koha item type
      Non-fiction Ashok Vihar Ashok Vihar 14/09/2020 DBAD/PUB 499.00 599.756 NAS EN-111961 499.00 English Books

© Delhi Public Library
Hit Counter
free hit counter